Songs Named After A Plant - Statistics

General Stats
  • This quiz has been taken 36 times
  • The average score is 8 of 30
Answer Stats
Hint Answer % Correct
Seal 1994 Kiss From A Rose
88%
Tony Orlando & Dawn 1973 Tie a Yellow Ribbon Round the Ole Oak Tree
65%
Goo Goo Dolls 2015 Iris
56%
Tiny Tim 1968 Tiptoe Through the Tulips
56%
Post Malone 2018 Sunflower
44%
The Foundations 1967 Build Me Up Buttercup
41%
Barbara Streisand and Neil Diamond 1977 You Don't Bring Me Flowers
41%
Sound Of Music Cast 1959 Edelweiss
38%
Tom Jones 1967 Green Green Grass of Home
38%
Scott Joplin 1899 Maple Leaf Rag
35%
Aurora 2016 Black Water Lilies
24%
Jeff Buckley 1994 Lilac Wine
24%
Blue October 1998 Black Orchid
18%
Donovan 1968 Jennifer Juniper
18%
Ween 1992 Push The Little Daisies
18%
Savage Garden 1997 Violet
18%
Tori Almos 2011 Cactus Practice
15%
Barbara Streisand 1971 Evergreen
15%
Paul McCartney 1997 Little Willow
15%
Ben Howard 2011 Old Pine
15%
Grateful Dead 1970 Sugar Magnolia
15%
Air 2004 Cherry Blossom Girl
12%
The Doors 1971 Hyacinth House
12%
Nirvana 1995 Marigold
12%
Oasis 1995 Morning Glory
12%
The Coasters 1959 Poison Ivy
12%
Kelly Clarkson 2020 Under the Mistletoe
12%
Miranda Lambert 2009 Virginia Bluebell
6%
Ivan Larionov 1860 Kalinka
3%
Bob Dylan 1991 Wallflower
3%
No matching quizzes found
Score Distribution
Percent of People with Each Score
Percentile by Number Answered
Your Score History
You have not taken this quiz